[Event "Winnipeg TNT April op"]
[Site "Winnipeg CAN"]
[Date "2013.04.02"]
[Round "1"]
[White "Magyar, Peter"]
[Black "Wasserman, Leor"]
[Result "0-1"]
[WhiteElo "1630"]
[BlackElo "1927"]
[PlyCount "58"]
[GameId "2160767909364699"]
[EventDate "2013.04.02"]
[EventType "swiss"]
[EventRounds "5"]
[EventCountry "CAN"]
[SourceTitle "EXT 2022"]
[Source "ChessBase"]
[SourceDate "2021.10.06"]
[SourceVersion "1"]
[SourceVersionDate "2021.10.06"]
[SourceQuality "1"]

1. e4 c5 2. Nc3 Nc6 3. g3 Nf6 4. Bg2 e6 5. d3 d5 6. Nh3 Be7 7. O-O O-O 8. Nf4 dxe4 9. Nxe4 Qc7 10. Be3 Nxe4 11. Bxe4 Rd8 12. Nh3 e5 13. Bg5 Bxh3 14. Bxh7+ Kxh7 15. Qh5+ Kg8 16. Bxe7 Qxe7 17. Qxh3 g6 18. Rfe1 Kg7 19. Re4 Rh8 20. Qf1 Nd4 21. f4 f6 22. fxe5 fxe5 23. Rae1 Raf8 24. Rf4 Rxf4 25. gxf4 Qh4 26. h3 Qg3+ 27. Qg2 Qxe1+ 28. Kh2 Qe2 29. c3 Nf3+ 0-1

[Event "Winnipeg TNT April op"]
[Site "Winnipeg CAN"]
[Date "2013.04.02"]
[Round "1"]
[White "Mundwiler, Les"]
[Black "Towns, Barry"]
[Result "1-0"]
[WhiteElo "2066"]
[BlackElo "1740"]
[PlyCount "63"]
[GameId "2160767909364700"]
[EventDate "2013.04.02"]
[EventType "swiss"]
[EventRounds "5"]
[EventCountry "CAN"]
[SourceTitle "EXT 2022"]
[Source "ChessBase"]
[SourceDate "2021.10.06"]
[SourceVersion "1"]
[SourceVersionDate "2021.10.06"]
[SourceQuality "1"]

1. Nf3 Nf6 2. g3 g6 3. Bg2 Bg7 4. d4 d5 5. O-O O-O 6. b3 b6 7. Bb2 Bb7 8. Ne5 Nbd7 9. c4 c5 10. e3 Nxe5 11. dxe5 Nd7 12. f4 e6 13. cxd5 exd5 14. Bxd5 Nxe5 15. Bxb7 Qxd1 16. Rxd1 Rad8 17. Rxd8 Nf3+ 18. Bxf3 Bxb2 19. Rxf8+ Kxf8 20. Nd2 Bxa1 21. Kf2 Ke7 22. Ke2 h5 23. Kd3 Kd7 24. Bd5 Ke7 25. e4 f6 26. Nf3 Bb2 27. e5 Kf8 28. exf6 Bxf6 29. Ne5 Kg7 30. h4 a6 31. Be4 b5 32. Nxg6 1-0

[Event "Winnipeg TNT April op"]
[Site "Winnipeg CAN"]
[Date "2013.04.02"]
[Round "1"]
[White "Remillard, John"]
[Black "Boron, Anthony"]
[Result "0-1"]
[WhiteElo "1664"]
[BlackElo "1980"]
[PlyCount "96"]
[GameId "2160767909364701"]
[EventDate "2013.04.02"]
[EventType "swiss"]
[EventRounds "5"]
[EventCountry "CAN"]
[SourceTitle "EXT 2022"]
[Source "ChessBase"]
[SourceDate "2021.10.06"]
[SourceVersion "1"]
[SourceVersionDate "2021.10.06"]
[SourceQuality "1"]

1. Nf3 Nf6 2. c4 e6 3. Nc3 b6 4. g3 Bb7 5. Bg2 Be7 6. O-O O-O 7. a3 c5 8. d4 d5 9. Ne1 cxd4 10. Qxd4 Nc6 11. Qd1 dxc4 12. Qa4 Rc8 13. Qxc4 Na5 14. Qa2 Bxg2 15. Kxg2 Qc7 16. Nf3 Qc4 17. Qxc4 Nxc4 18. Nd2 Nxa3 19. bxa3 Rxc3 20. Nf3 Rd8 21. a4 Ne4 22. Be3 Bc5 23. Rfd1 Rxd1 24. Rxd1 h6 25. Rd7 Bxe3 26. fxe3 Rxe3 27. Rxa7 Rxe2+ 28. Kh3 Ng5+ 29. Nxg5 hxg5 30. Rb7 Re4 31. Rxb6 Rxa4 32. Rb5 f6 33. Rb7 Kh7 34. Rb6 e5 35. Rb3 Kh6 36. g4 Rd4 37. Kg3 Kg6 38. h4 gxh4+ 39. Kxh4 f5 40. Rb6+ Kh7 41. Kg5 fxg4 42. Kh5 Rf4 43. Rg6 Rf6 44. Rxg4 Rh6+ 45. Kg5 Rg6+ 46. Kf5 Rxg4 47. Kxg4 Kg6 48. Kf3 Kf5 0-1

[Event "Winnipeg TNT April op"]
[Site "Winnipeg CAN"]
[Date "2013.04.02"]
[Round "1"]
[White "Schulz, Waldemar"]
[Black "Reimer, Bruce"]
[Result "1-0"]
[WhiteElo "1956"]
[BlackElo "1646"]
[PlyCount "59"]
[GameId "2160767909364702"]
[EventDate "2013.04.02"]
[EventType "swiss"]
[EventRounds "5"]
[EventCountry "CAN"]
[SourceTitle "EXT 2022"]
[Source "ChessBase"]
[SourceDate "2021.10.06"]
[SourceVersion "1"]
[SourceVersionDate "2021.10.06"]
[SourceQuality "1"]

1. Nf3 Nf6 2. c4 g6 3. b3 Bg7 4. Bb2 d6 5. g3 O-O 6. Bg2 e5 7. O-O Nc6 8. Nc3 Be6 9. d4 exd4 10. Nxd4 Nxd4 11. Qxd4 Qc8 12. Rfd1 Nd5 13. Nxd5 Bxd4 14. Ne7+ Kg7 15. Bxd4+ Kh6 16. Nxc8 Bxc8 17. Rac1 Re8 18. Be3+ Kg7 19. Rd2 a6 20. Rcd1 Rb8 21. c5 dxc5 22. Bxc5 b6 23. Be3 Bg4 24. h3 Bf5 25. g4 Be6 26. Bf4 Re7 27. Rc1 h6 28. Rxc7 Rxc7 29. Bxc7 Rc8 30. Bxb6 1-0

[Event "Winnipeg TNT April op"]
[Site "Winnipeg CAN"]
[Date "2013.04.02"]
[Round "1"]
[White "Swift, Ryne"]
[Black "Leaden, Bruce"]
[Result "1-0"]
[WhiteElo "1855"]
[BlackElo "1590"]
[PlyCount "115"]
[GameId "2160767909364703"]
[EventDate "2013.04.02"]
[EventType "swiss"]
[EventRounds "5"]
[EventCountry "CAN"]
[SourceTitle "EXT 2022"]
[Source "ChessBase"]
[SourceDate "2021.10.06"]
[SourceVersion "1"]
[SourceVersionDate "2021.10.06"]
[SourceQuality "1"]

1. e4 e6 2. d4 d5 3. exd5 exd5 4. Nf3 Nf6 5. Bd3 Bd6 6. O-O O-O 7. Be3 Re8 8. Nbd2 b6 9. c3 Ba6 10. Bxa6 Nxa6 11. Qc2 c5 12. Bg5 h6 13. Bh4 g5 14. Bg3 Ne4 15. Bxd6 Qxd6 16. dxc5 Naxc5 17. Nd4 Re5 18. N2f3 Ree8 19. Nf5 Qg6 20. N5d4 f5 21. Nd2 Kh7 22. f3 Nxd2 23. Qxd2 Re7 24. Rae1 Rae8 25. Rxe7+ Rxe7 26. Re1 Rxe1+ 27. Qxe1 Qf7 28. b4 Nb7 29. Qe5 Kg6 30. Nc6 a6 31. Ne7+ Kh7 32. Qxf5+ Qxf5 33. Nxf5 a5 34. bxa5 bxa5 35. Ne7 Nc5 36. Nxd5 Kg6 37. Kf2 Kf5 38. Nb6 a4 39. Ke3 Ke5 40. c4 h5 41. g3 a3 42. f4+ gxf4+ 43. gxf4+ Kf5 44. h3 h4 45. Nd5 Nd7 46. Nc3 Nb6 47. c5 Nc4+ 48. Kf3 Na5 49. Nb5 Nc6 50. Nxa3 Nd4+ 51. Ke3 Nc6 52. Nc4 Nb4 53. a4 Nc6 54. a5 Nb4 55. Nb6 Na6 56. c6 Nc7 57. Nd7 Na6 58. Nb8 1-0

[Event "Winnipeg TNT April op"]
[Site "Winnipeg CAN"]
[Date "2013.04.02"]
[Round "1"]
[White "Wolchock, Theo"]
[Black "Kernetsky, Myron"]
[Result "0-1"]
[WhiteElo "1695"]
[BlackElo "2042"]
[PlyCount "94"]
[GameId "2160767909364705"]
[EventDate "2013.04.02"]
[EventType "swiss"]
[EventRounds "5"]
[EventCountry "CAN"]
[SourceTitle "EXT 2022"]
[Source "ChessBase"]
[SourceDate "2021.10.06"]
[SourceVersion "1"]
[SourceVersionDate "2021.10.06"]
[SourceQuality "1"]

1. c4 c5 2. g3 Nc6 3. Bg2 g6 4. Nc3 Bg7 5. e3 e5 6. Nge2 Nge7 7. O-O d6 8. d3 Be6 9. Nd5 O-O 10. Nec3 Rb8 11. a3 a6 12. Qa4 Bd7 13. Qc2 b5 14. cxb5 axb5 15. b4 cxb4 16. axb4 Qc8 17. Bd2 Be6 18. Rfc1 Qd7 19. Ra6 Rfd8 20. Rca1 Bf5 21. Nxe7+ Nxe7 22. Nd5 Nxd5 23. Bxd5 Be6 24. Ra7 Qe8 25. Bxe6 Qxe6 26. Qc7 Qb3 27. R1a3 Qd1+ 28. Kg2 Rf8 29. Ra2 Qb3 30. R2a3 Qd1 31. Ra2 Qb1 32. Qxd6 Rbd8 33. Qc5 Qxd3 34. R7a3 Qe4+ 35. Kg1 Rd5 36. Qc6 Rfd8 37. Ra8 Qb1+ 38. Kg2 Qe4+ 39. Kg1 Qd3 40. Rxd8+ Rxd8 41. Qc2 Qd5 42. Qc7 h5 43. Ra7 Rf8 44. Bc3 h4 45. Qb7 Qd3 46. Qc7 h3 47. Ra1 Qe4 0-1

[Event "Winnipeg TNT April op"]
[Site "Winnipeg CAN"]
[Date "2013.04.09"]
[Round "2"]
[White "Babb, Jeff"]
[Black "De Groot, Steven"]
[Result "1-0"]
[WhiteElo "2209"]
[BlackElo "1983"]
[PlyCount "53"]
[GameId "2160767909364706"]
[EventDate "2013.04.02"]
[EventType "swiss"]
[EventRounds "5"]
[EventCountry "CAN"]
[SourceTitle "EXT 2022"]
[Source "ChessBase"]
[SourceDate "2021.10.06"]
[SourceVersion "1"]
[SourceVersionDate "2021.10.06"]
[SourceQuality "1"]

1. f4 Nf6 2. Nf3 d5 3. e3 c5 4. b3 Nc6 5. Bb2 e6 6. Bb5 Bd7 7. O-O b6 8. Bxc6 Bxc6 9. Ne5 Bb7 10. f5 Be7 11. d3 O-O 12. Nd2 Qd6 13. Ng4 d4 14. Nc4 Qd5 15. Nxf6+ Bxf6 16. e4 Qd8 17. a4 e5 18. Qf3 Ba6 19. Bc1 Bxc4 20. bxc4 Rc8 21. Bd2 Rc6 22. a5 Bg5 23. Qf2 Bxd2 24. Qxd2 Qc7 25. f6 Rxf6 26. Rxf6 gxf6 27. Qh6 1-0

[Event "Winnipeg TNT April op"]
[Site "Winnipeg CAN"]
[Date "2013.04.09"]
[Round "2"]
[White "Baron, Gustav"]
[Black "Rutter, Blair"]
[Result "1-0"]
[WhiteElo "1794"]
[BlackElo "1871"]
[PlyCount "123"]
[GameId "2160767909364707"]
[EventDate "2013.04.02"]
[EventType "swiss"]
[EventRounds "5"]
[EventCountry "CAN"]
[SourceTitle "EXT 2022"]
[Source "ChessBase"]
[SourceDate "2021.10.06"]
[SourceVersion "1"]
[SourceVersionDate "2021.10.06"]
[SourceQuality "1"]

1. e4 e6 2. d4 d5 3. Nd2 Nf6 4. e5 Nfd7 5. Bd3 c5 6. c3 Nc6 7. Ne2 Be7 8. f4 Bh4+ 9. g3 cxd4 10. Nf3 Be7 11. cxd4 Bb4+ 12. Kf2 f5 13. Be3 Nb6 14. Rc1 Bd7 15. h3 Be7 16. Qg1 Nb4 17. Bb1 Nc4 18. a3 Nc6 19. Rc2 Qb6 20. Bc1 Nxa3 21. bxa3 Qxb1 22. Rb2 Qd3 23. Rxb7 Rb8 24. Rxb8+ Nxb8 25. Qd1 Qc4 26. Be3 O-O 27. Nd2 Qa6 28. Qb3 Ba4 29. Qb2 Nc6 30. Ra1 Rb8 31. Qc1 Na5 32. Qc7 Rb7 33. Qc8+ Kf7 34. Qc1 Bb5 35. Nc3 Bc4 36. g4 g6 37. gxf5 gxf5 38. Qd1 Qc6 39. Qh5+ Kg8 40. Rg1+ Kh8 41. Nf3 Bf8 42. Nh4 Bg7 43. Ng6+ Kg8 44. Nh4 Qd7 45. Nf3 Qf7 46. Qxf7+ Kxf7 47. Ng5+ Ke7 48. Nxh7 Ke8 49. Ng5 Kd7 50. Na4 Nb3 51. Rb1 Bf8 52. h4 Bxa3 53. h5 Rb8 54. h6 Rh8 55. h7 Be7 56. Rh1 Bxg5 57. fxg5 f4 58. Bxf4 Bd3 59. Ke3 Be4 60. Nc3 Bf5 61. Nb5 a6 62. Nd6 1-0

[Event "Winnipeg TNT April op"]
[Site "Winnipeg CAN"]
[Date "2013.04.09"]
[Round "2"]
[White "Boron, Anthony"]
[Black "Mundwiler, Les"]
[Result "1-0"]
[WhiteElo "1980"]
[BlackElo "2066"]
[PlyCount "75"]
[GameId "2160767909364708"]
[EventDate "2013.04.02"]
[EventType "swiss"]
[EventRounds "5"]
[EventCountry "CAN"]
[SourceTitle "EXT 2022"]
[Source "ChessBase"]
[SourceDate "2021.10.06"]
[SourceVersion "1"]
[SourceVersionDate "2021.10.06"]
[SourceQuality "1"]

1. e4 e5 2. Nf3 Nc6 3. Bb5 Nd4 4. Nxd4 exd4 5. O-O c6 6. Bc4 Nf6 7. Re1 d6 8. c3 Ng4 9. h3 Ne5 10. d3 dxc3 11. Nxc3 Qh4 12. f4 Nxc4 13. dxc4 Be7 14. Be3 g5 15. f5 f6 16. Bf2 Qh6 17. Bg3 Qf8 18. Qh5+ Qf7 19. Qxf7+ Kxf7 20. Rad1 Rd8 21. Re2 b6 22. Red2 Ba6 23. Bxd6 Bxc4 24. b3 Ba6 25. Kf2 Bb7 26. e5 fxe5 27. Ne4 c5 28. f6 Bxf6 29. Nxf6 e4 30. Be5 Rxd2+ 31. Rxd2 Ke6 32. Bc3 Rf8 33. Ke3 Rxf6 34. Bxf6 Kxf6 35. Rd7 Bc8 36. Rxh7 b5 37. Rc7 Bf5 38. Rxc5 1-0

[Event "Winnipeg TNT April op"]
[Site "Winnipeg CAN"]
[Date "2013.04.09"]
[Round "2"]
[White "Kernetsky, Myron"]
[Black "Swift, Ryne"]
[Result "1/2-1/2"]
[WhiteElo "2042"]
[BlackElo "1855"]
[PlyCount "116"]
[GameId "2160767909364709"]
[EventDate "2013.04.02"]
[EventType "swiss"]
[EventRounds "5"]
[EventCountry "CAN"]
[SourceTitle "EXT 2022"]
[Source "ChessBase"]
[SourceDate "2021.10.06"]
[SourceVersion "1"]
[SourceVersionDate "2021.10.06"]
[SourceQuality "1"]

1. d4 Nf6 2. c4 d5 3. cxd5 Nxd5 4. Nc3 e6 5. e4 Nxc3 6. bxc3 Nd7 7. Nf3 Nb6 8. Bd3 Be7 9. O-O O-O 10. Qe2 c5 11. e5 Qc7 12. Ng5 g6 13. Ne4 cxd4 14. cxd4 f5 15. exf6 Bxf6 16. Ba3 Be7 17. Rac1 Qd8 18. Nc5 Bxc5 19. Bxc5 Rf7 20. g3 Bd7 21. Qe4 Bc6 22. Qxe6 Qd5 23. Qxd5 Nxd5 24. Rfe1 Kg7 25. Bd6 Rd7 26. Be5+ Kf8 27. a3 Rc8 28. Rc2 Rdd8 29. Rec1 Ke7 30. Be4 Ke6 31. Rc5 Ne7 32. Bb1 Bd5 33. Bc7 Rd7 34. Re1+ Kf7 35. Rec1 Ke6 36. Bf4 Rxc5 37. dxc5 Nc6 38. Re1+ Kf6 39. h4 Bf3 40. Bc2 Rd5 41. Bd6 Nd4 42. Bd3 Nc6 43. Re3 Bg4 44. f3 Be6 45. Kf2 Bd7 46. Ke2 Nd4+ 47. Kf2 Nc6 48. f4 h5 49. Ke1 a6 50. Bc4 Rd4 51. Be5+ Nxe5 52. fxe5+ Ke7 53. Bb3 Bf5 54. Ke2 Bg4+ 55. Ke1 Bf5 56. Ke2 Bg4+ 57. Ke1 Bf5 58. Ke2 Bg4+ 1/2-1/2

[Event "Winnipeg TNT April op"]
[Site "Winnipeg CAN"]
[Date "2013.04.09"]
[Round "2"]
[White "Leaden, Bruce"]
[Black "Remillard, John"]
[Result "0-1"]
[WhiteElo "1590"]
[BlackElo "1664"]
[PlyCount "70"]
[GameId "2160767909364710"]
[EventDate "2013.04.02"]
[EventType "swiss"]
[EventRounds "5"]
[EventCountry "CAN"]
[SourceTitle "EXT 2022"]
[Source "ChessBase"]
[SourceDate "2021.10.06"]
[SourceVersion "1"]
[SourceVersionDate "2021.10.06"]
[SourceQuality "1"]

1. e4 c5 2. Nc3 Nc6 3. f4 d6 4. Nf3 a6 5. a3 e6 6. Bc4 Be7 7. O-O Nf6 8. d3 Qc7 9. Qe1 Nd4 10. Nxd4 cxd4 11. Ne2 e5 12. fxe5 dxe5 13. Ng3 O-O 14. Nf5 Be6 15. Qg3 Nh5 16. Nxe7+ Qxe7 17. Qxe5 Nf6 18. Qxd4 b5 19. Bxe6 Qxe6 20. h3 Rac8 21. Qf2 Rc6 22. Bg5 Qc8 23. Rac1 h6 24. Bxf6 Rxf6 25. Qe3 Rg6 26. c3 Re8 27. Rf5 Qc7 28. Rcf1 Ree6 29. Qf4 Qb6+ 30. Qf2 Qd6 31. Rxf7 Qxd3 32. Rf8+ Kh7 33. Qf7 Rxg2+ 34. Kxg2 Rg6+ 35. Kh2 Qg3+ 0-1

[Event "Winnipeg TNT April op"]
[Site "Winnipeg CAN"]
[Date "2013.04.09"]
[Round "2"]
[White "Magyar, Peter"]
[Black "Wolchock, Theo"]
[Result "0-1"]
[WhiteElo "1630"]
[BlackElo "1695"]
[PlyCount "136"]
[GameId "2160767909364711"]
[EventDate "2013.04.02"]
[EventType "swiss"]
[EventRounds "5"]
[EventCountry "CAN"]
[SourceTitle "EXT 2022"]
[Source "ChessBase"]
[SourceDate "2021.10.06"]
[SourceVersion "1"]
[SourceVersionDate "2021.10.06"]
[SourceQuality "1"]

1. e4 e5 2. Nc3 Nc6 3. Bc4 Nf6 4. Nf3 Bb4 5. O-O O-O 6. d4 exd4 7. Nxd4 Bxc3 8. bxc3 Nxe4 9. Qf3 d5 10. Nxc6 bxc6 11. Rd1 Qf6 12. Qxf6 Nxf6 13. Bd3 Re8 14. h3 Ne4 15. Re1 Bf5 16. Bb2 Rab8 17. f3 Rxb2 18. fxe4 dxe4 19. Re2 Kf8 20. Bc4 Rbb8 21. Rf1 Bg6 22. Re3 Rbd8 23. Rb1 Rb8 24. Bb3 Rbd8 25. Ba4 Rb8 26. Rxb8 Rxb8 27. Bxc6 Rb2 28. Bxe4 Bxe4 29. Rxe4 Rxc2 30. Ra4 Rxc3 31. Rxa7 Rc2 32. a4 c5 33. a5 Ra2 34. a6 c4 35. Ra8+ Ke7 36. Rc8 Rxa6 37. Rxc4 f5 38. Kf2 Kf6 39. h4 h6 40. Kf3 Ra3+ 41. Kf2 Ra6 42. Ke3 Re6+ 43. Kf3 g5 44. g3 Rb6 45. h5 Rb3+ 46. Kf2 g4 47. Rc6+ Kg5 48. Rc5 Rf3+ 49. Kg2 Kxh5 50. Kh2 Kg5 51. Kg2 h5 52. Rc1 h4 53. gxh4+ Kxh4 54. Rh1+ Rh3 55. Rf1 Kg5 56. Re1 Rh6 57. Rd1 Rf6 58. Rd5 Kh4 59. Rd1 f4 60. Rh1+ Kg5 61. Kf2 Rb6 62. Rd1 Rb2+ 63. Kf1 g3 64. Kg1 Kg4 65. Rf1 Kh3 66. Rf3 Rb1+ 67. Rf1 Rxf1+ 68. Kxf1 Kh2 0-1

[Event "Winnipeg TNT April op"]
[Site "Winnipeg CAN"]
[Date "2013.04.09"]
[Round "2"]
[White "Towns, Barry"]
[Black "Mandusic, Ante"]
[Result "1-0"]
[WhiteElo "1740"]
[BlackElo "1237"]
[PlyCount "151"]
[GameId "2160767909364713"]
[EventDate "2013.04.02"]
[EventType "swiss"]
[EventRounds "5"]
[EventCountry "CAN"]
[SourceTitle "EXT 2022"]
[Source "ChessBase"]
[SourceDate "2021.10.06"]
[SourceVersion "1"]
[SourceVersionDate "2021.10.06"]
[SourceQuality "1"]

1. e4 e5 2. f4 Nc6 3. Bc4 Bc5 4. Nf3 Qe7 5. b4 Bxb4 6. O-O Qc5+ 7. d4 Qxc4 8. fxe5 Nge7 9. Ng5 Qxd4+ 10. Qxd4 Nxd4 11. Na3 O-O 12. Nc4 d5 13. exd6 cxd6 14. Bb2 Bc5 15. Kh1 f6 16. Nf3 Nxc2 17. Rad1 Ne3 18. Nxe3 Bxe3 19. Rxd6 Bg4 20. h4 Bf4 21. e5 b5 22. exf6 Nf5 23. fxg7 Nxg7 24. Rd4 a5 25. Nh2 Ne6 26. Rd7 Bh5 27. Nf3 Bh6 28. Re1 Rae8 29. Re5 Bxf3 30. gxf3 Rxf3 31. Rd6 Nc7 32. Rxe8+ Nxe8 33. Rxh6 Rf2 34. Bc3 b4 35. Bd4 Rxa2 36. Re6 Kf7 37. Rh6 Rd2 38. Bb6 a4 39. Rxh7+ Kg8 40. Ra7 Ra2 41. Bc5 b3 42. Bd4 a3 43. Re7 b2 44. Rxe8+ Kf7 45. Re1 Kg6 46. Kg2 Kh5 47. Kh3 b1=Q 48. Rxb1 Kg6 49. Bc5 Kh5 50. Rb3 Ra1 51. Kg3 a2 52. Ra3 Rc1 53. Bd4 Rc4 54. Ra5+ Kg6 55. Ba1 Rc2 56. h5+ Kh6 57. Kf3 Rh2 58. Kg4 Rg2+ 59. Kh3 Rc2 60. Kg3 Rc1 61. Rxa2 Rg1+ 62. Kh4 Rg5 63. Ra6+ Rg6 64. Ra5 Rg8 65. Bf6 Kh7 66. Rg5 Rf8 67. Rg6 Re8 68. Kg5 Rc8 69. Rg7+ Kh8 70. Rc7+ Kg8 71. Rxc8+ Kf7 72. Rc6 Ke8 73. Rc7 Kf8 74. h6 Kg8 75. h7+ Kf8 76. h8=Q# 1-0

[Event "Winnipeg TNT April op"]
[Site "Winnipeg CAN"]
[Date "2013.04.09"]
[Round "2"]
[White "Wasserman, Leor"]
[Black "Green, Aaron"]
[Result "1-0"]
[WhiteElo "1927"]
[BlackElo "2012"]
[PlyCount "93"]
[GameId "2160767909364714"]
[EventDate "2013.04.02"]
[EventType "swiss"]
[EventRounds "5"]
[EventCountry "CAN"]
[SourceTitle "EXT 2022"]
[Source "ChessBase"]
[SourceDate "2021.10.06"]
[SourceVersion "1"]
[SourceVersionDate "2021.10.06"]
[SourceQuality "1"]

1. e4 c5 2. Nf3 d6 3. d4 cxd4 4. Nxd4 Nf6 5. Nc3 g6 6. Be3 Bg7 7. f3 O-O 8. Qd2 Nc6 9. Bc4 Bd7 10. O-O-O Rb8 11. Kb1 Ne5 12. Bb3 b5 13. Bg5 Nc4 14. Bxc4 bxc4 15. Bxf6 Bxf6 16. Nd5 Bg7 17. c3 Ba4 18. Rde1 e6 19. Ne3 Qc7 20. f4 Rfc8 21. f5 Qb7 22. Ka1 Bxd4 23. cxd4 Qa6 24. Rc1 exf5 25. Nxf5 gxf5 26. Qg5+ Kf8 27. Qh6+ Ke7 28. Qg5+ Kd7 29. Qxf5+ Ke8 30. Rhf1 Qb7 31. Rf2 Rc7 32. Qxh7 Re7 33. Qg8+ Kd7 34. Qg4+ Kd8 35. Qf4 Qb6 36. Rxc4 Bb5 37. Rc1 Bd7 38. Qf6 Rb7 39. Rfc2 Rb8 40. d5 a5 41. e5 dxe5 42. d6 Qxd6 43. Qxd6 Ra8 44. Rc8+ Rxc8 45. Rxc8+ Kxc8 46. Qxe7 Be6 47. Qc5+ 1-0

[Event "Winnipeg TNT April op"]
[Site "Winnipeg CAN"]
[Date "2013.04.16"]
[Round "3"]
[White "Baron, Gustav"]
[Black "Boron, Anthony"]
[Result "1/2-1/2"]
[WhiteElo "1794"]
[BlackElo "1980"]
[PlyCount "85"]
[GameId "2160767909364715"]
[EventDate "2013.04.02"]
[EventType "swiss"]
[EventRounds "5"]
[EventCountry "CAN"]
[SourceTitle "EXT 2022"]
[Source "ChessBase"]
[SourceDate "2021.10.06"]
[SourceVersion "1"]
[SourceVersionDate "2021.10.06"]
[SourceQuality "1"]

1. e4 c5 2. Nf3 e6 3. d4 cxd4 4. Nxd4 Nf6 5. Nc3 Nc6 6. Be3 Bb4 7. f3 O-O 8. Be2 Qa5 9. Qd2 d5 10. Nb3 Bxc3 11. bxc3 Qc7 12. Bf4 e5 13. exd5 Rd8 14. Bg5 Rxd5 15. Qe3 Qe7 16. Bc4 Rd8 17. O-O Bf5 18. Rf2 h6 19. Bh4 g5 20. Bg3 Nh5 21. Re1 Nxg3 22. hxg3 Qc7 23. f4 exf4 24. gxf4 g4 25. Qc5 g3 26. Rf3 Qb6 27. Rxg3+ Kh7 28. Bd3 Bxd3 29. cxd3 Rd5 30. Qe3 Re8 31. Qxb6 Rxe1+ 32. Kf2 Rf1+ 33. Kxf1 axb6 34. Ke2 Ne7 35. c4 Rd8 36. Re3 Nc6 37. g4 Kg6 38. Kd2 Ra8 39. Nc1 Kf6 40. Kc3 Rg8 41. Rg3 Ra8 42. Rg2 Re8 43. Ne2 1/2-1/2

[Event "Winnipeg TNT April op"]
[Site "Winnipeg CAN"]
[Date "2013.04.16"]
[Round "3"]
[White "Green, Aaron"]
[Black "Reimer, Bruce"]
[Result "1/2-1/2"]
[WhiteElo "2012"]
[BlackElo "1646"]
[PlyCount "140"]
[GameId "2160767909364716"]
[EventDate "2013.04.02"]
[EventType "swiss"]
[EventRounds "5"]
[EventCountry "CAN"]
[SourceTitle "EXT 2022"]
[Source "ChessBase"]
[SourceDate "2021.10.06"]
[SourceVersion "1"]
[SourceVersionDate "2021.10.06"]
[SourceQuality "1"]

1. e4 Nf6 2. e5 Nd5 3. c4 Nb6 4. d4 d6 5. exd6 exd6 6. Nf3 Bg4 7. Be3 Be7 8. h3 Bh5 9. Bd3 O-O 10. O-O Nc6 11. a3 a5 12. b3 Nd7 13. Nbd2 Re8 14. Qc2 Nf6 15. Rfe1 Qd7 16. Rad1 d5 17. c5 Bf8 18. Bf5 Qd8 19. Bd3 Ne7 20. Rb1 Ng6 21. g4 Bxg4 22. hxg4 Nxg4 23. Bf5 Nxe3 24. Rxe3 Rxe3 25. fxe3 Be7 26. Bxg6 fxg6 27. Nf1 Ra6 28. Qg2 g5 29. Ng3 Bf6 30. Re1 Re6 31. Re2 c6 32. Qh3 Qe8 33. Kf2 g6 34. Qf1 h5 35. Qb1 Kg7 36. Qd3 h4 37. Nf1 g4 38. N3d2 Bg5 39. e4 Rf6+ 40. Kg1 Qf8 41. e5 Rf7 42. b4 Bxd2 43. Nxd2 axb4 44. axb4 h3 45. e6 Re7 46. Qg3 Qf5 47. Qd6 Qf6 48. Qe5 g5 49. Qxf6+ Kxf6 50. Kh2 Rxe6 51. Rxe6+ Kxe6 52. Kg3 Kf5 53. Nb3 Ke4 54. b5 cxb5 55. Na5 b4 56. Nxb7 b3 57. c6 b2 58. Nd6+ Kd3 59. Kxg4 b1=Q 60. c7 Qg1+ 61. Kxh3 g4+ 62. Kh4 g3 63. c8=Q Qh2+ 64. Qh3 Qxh3+ 65. Kxh3 Kxd4 66. Kxg3 Ke5 67. Nb5 Ke4 68. Kf2 d4 69. Ke2 d3+ 70. Kd2 Kd5 1/2-1/2

[Event "Winnipeg TNT April op"]
[Site "Winnipeg CAN"]
[Date "2013.04.16"]
[Round "3"]
[White "Kernetsky, Myron"]
[Black "Schulz, Waldemar"]
[Result "1/2-1/2"]
[WhiteElo "2042"]
[BlackElo "1956"]
[PlyCount "68"]
[GameId "2160767909364717"]
[EventDate "2013.04.02"]
[EventType "swiss"]
[EventRounds "5"]
[EventCountry "CAN"]
[SourceTitle "EXT 2022"]
[Source "ChessBase"]
[SourceDate "2021.10.06"]
[SourceVersion "1"]
[SourceVersionDate "2021.10.06"]
[SourceQuality "1"]

1. d4 d5 2. c4 e6 3. Nc3 Nf6 4. cxd5 exd5 5. Bg5 Be7 6. e3 c6 7. Bd3 Nbd7 8. Qc2 Nf8 9. Nge2 Nh5 10. Bxe7 Qxe7 11. Qd2 g6 12. O-O Ng7 13. f3 Qg5 14. f4 Qe7 15. e4 dxe4 16. Bxe4 Bf5 17. Ng3 Bxe4 18. Ngxe4 O-O-O 19. Rad1 f5 20. Ng5 h6 21. Rfe1 Qf6 22. Nf3 Nfe6 23. d5 g5 24. Qe3 Nxf4 25. Qxa7 Rhe8 26. Qa8+ Kc7 27. d6+ Kb6 28. Qa3 Rxe1+ 29. Nxe1 Qe5 30. Nc2 Qc5+ 31. Qxc5+ Kxc5 32. Ne3 b5 33. a3 Ng6 34. g4 Nh4 1/2-1/2

[Event "Winnipeg TNT April op"]
[Site "Winnipeg CAN"]
[Date "2013.04.16"]
[Round "3"]
[White "Mandusic, Ante"]
[Black "Wolchock, Theo"]
[Result "0-1"]
[WhiteElo "1237"]
[BlackElo "1695"]
[PlyCount "78"]
[GameId "2160767909372910"]
[EventDate "2013.04.02"]
[EventType "swiss"]
[EventRounds "5"]
[EventCountry "CAN"]
[SourceTitle "EXT 2022"]
[Source "ChessBase"]
[SourceDate "2021.10.06"]
[SourceVersion "1"]
[SourceVersionDate "2021.10.06"]
[SourceQuality "1"]

1. g3 c5 2. Bg2 d5 3. Nf3 Nf6 4. b4 e6 5. d3 Be7 6. Be3 Nbd7 7. d4 cxd4 8. Bxd4 Bxb4+ 9. c3 Bd6 10. O-O O-O 11. Qc2 Qc7 12. Nbd2 e5 13. Be3 d4 14. Bg5 dxc3 15. Nb3 h6 16. Be3 Nd5 17. Qd3 Nxe3 18. Qxe3 Nf6 19. h3 Bd7 20. Nh4 a5 21. Qf3 Rab8 22. Rfd1 b5 23. e4 Rfd8 24. Qd3 Ba3 25. Nf3 Bb2 26. Rab1 c2 27. Rxb2 cxd1=Q+ 28. Qxd1 Bxh3 29. Qd3 Rxd3 30. Bxh3 Rxf3 31. Kg2 Qc3 32. Re2 Qd3 33. Nc1 Qc3 34. Nb3 Rd8 35. Re3 Rxe3 36. fxe3 Qxe3 37. Kh2 Nxe4 38. Kh1 Rd1+ 39. Kg2 Qxg3# 0-1

[Event "Winnipeg TNT April op"]
[Site "Winnipeg CAN"]
[Date "2013.04.16"]
[Round "3"]
[White "Remillard, John"]
[Black "Towns, Barry"]
[Result "0-1"]
[WhiteElo "1664"]
[BlackElo "1740"]
[PlyCount "64"]
[GameId "2160767909372911"]
[EventDate "2013.04.02"]
[EventType "swiss"]
[EventRounds "5"]
[EventCountry "CAN"]
[SourceTitle "EXT 2022"]
[Source "ChessBase"]
[SourceDate "2021.10.06"]
[SourceVersion "1"]
[SourceVersionDate "2021.10.06"]
[SourceQuality "1"]

1. Nf3 Nf6 2. c4 d5 3. cxd5 e5 4. Nc3 e4 5. Nxe4 Nxd5 6. b3 Bf5 7. Ng3 Bg6 8. Bb2 Nc6 9. e4 Qe7 10. Bb5 O-O-O 11. Bxc6 bxc6 12. Ne5 Qe6 13. O-O Nf4 14. d4 f6 15. Nxg6 hxg6 16. Re1 Bb4 17. Re3 Rh4 18. Ne2 Bd6 19. d5 Nxe2+ 20. Qxe2 Bxh2+ 21. Kf1 cxd5 22. exd5 Qxd5 23. Re8 Rxe8 24. Qxe8+ Kb7 25. Re1 Be5 26. Bxe5 Rh1+ 27. Ke2 Qe4+ 28. Kd2 Qxe1+ 29. Kd3 Qb1+ 30. Kc4 Qe4+ 31. Kc3 Qxe5+ 32. Qxe5 fxe5 0-1